Institutions economiques internationales

Saved in:
Bibliographic Details
Main Author: Vincent, Philippe
Format: Book
Language:Undetermined
Published: Bruxelles Larcier 2009
Subjects:
Tags: Add Tag
No Tags, Be the first to tag this record!
Institutions: Trung tâm Học liệu Trường Đại học Cần Thơ
LEADER 00492nam a2200181Ia 4500
001 CTU_158510
008 210402s9999 xx 000 0 und d
082 |a 337 
082 |b V773 
100 |a Vincent, Philippe 
245 0 |a Institutions economiques internationales 
245 0 |c Philippe Vincent 
260 |a Bruxelles 
260 |b Larcier 
260 |c 2009 
650 |a International economic relations 
904 |i Giang 
980 |a Trung tâm Học liệu Trường Đại học Cần Thơ